000 00593nam a2200193Ia 4500
003 GCL
008 140319s9999 xx 000 0 ara d
040 _aGCL /
_cGCL
082 0 4 _a11.85
_bع ع
100 1 _aعفيف البهنسى
245 1 0 _aعلم الجمال وقراءات النص الفنى /
_cعفيف البهنسى
250 _aالاولى
260 _aسوريا :
_bدار الشرق للنشر ،
_c2004
300 _a207 ص ؛
_c24 سم
650 0 4 _aالجمال - علم
650 0 4 _aالنص الفنى
650 0 4 _aالنص التشكيلى
942 _2ddc
_cBK
999 _c9998
_d9998